Southville International School and Colleges
Your cart is empty.
  • Cart
  • Lists
    Public lists Eva Luna New books Lux_list list_1
    Your lists Log in to create your own lists
  • Log in to your account
  • Your cookies
  • Search history
Southville International School and Colleges
  • Advanced search
  • Recent comments
  • Most popular
  • Libraries

Log in to your account

Log in with GOOGLE


If you do not have an external account, but do have a local account, you can still log in:

  1. Home
  2. MARC view: Si Isem sa bayang bawal tumawa :
Normal view MARC view ISBD view

Si Isem sa bayang bawal tumawa : (Record no. 105237)

[ view plain ]
MARC details
000 -LEADER
fixed length control field 00867nam a2200193 a 4500
005 - DATE AND TIME OF LATEST TRANSACTION
control field 20140412111348.0
008 - FIXED-LENGTH DATA ELEMENTS--GENERAL INFORMATION
fixed length control field 050422s19uu xx 00 eng d
020 ## - INTERNATIONAL STANDARD BOOK NUMBER
International Standard Book Number 971-518-044-2
050 ## - LIBRARY OF CONGRESS CALL NUMBER
Classification number Fil 398.2
Item number E11 2003
100 ## - MAIN ENTRY--PERSONAL NAME
Personal name Evasco, Eugene Y.
245 ## - TITLE STATEMENT
Title Si Isem sa bayang bawal tumawa :
Remainder of title Isem in grumpy town /
Statement of responsibility, etc story by Eugene Y. Evasco ; illustrations by John D. Crisostomo.
260 ## - PUBLICATION, DISTRIBUTION, ETC. (IMPRINT)
Place of publication, distribution, etc Manila, Philippines :
Name of publisher, distributor, etc Lampara Books,
Date of publication, distribution, etc 2003.
300 ## - PHYSICAL DESCRIPTION
Extent 1 v. (unp.) ; ill.
520 ## - SUMMARY, ETC.
Summary, etc In the town of Misoot, Datu Rupanget forbids laughing, That's why everyone is grumpy, sullen, ill-tempered, and wailing. Until the very unusual Isem, born with a perpetual grin on his face, arrive in town. Can he change the datu's oppressive decree?
650 ## - SUBJECT ADDED ENTRY--TOPICAL TERM
Topical term or geographic name as entry element Folklore, Philippine
650 ## - SUBJECT ADDED ENTRY--TOPICAL TERM
Topical term or geographic name as entry element Emotions
General subdivision Fiction
650 ## - SUBJECT ADDED ENTRY--TOPICAL TERM
Topical term or geographic name as entry element Children stories
Holdings
Withdrawn status Lost status Damaged status Home library Current library Shelving location Date acquired Source of acquisition Total Checkouts Full call number Barcode Date last seen Price effective from Koha item type
      Elizalde Library Elizalde Library Filipiniana Section 04/22/2005     Fil 398.2 E11 2003 E9699 04/12/2014 04/12/2014 Books

Si Isem sa bayang bawal tumawa :

APA

Evasco E. Y., . (2003). Si Isem sa bayang bawal tumawa. Manila, Philippines: Lampara Books.

Chicago

Evasco Eugene Y, . 2003. Si Isem sa bayang bawal tumawa. Manila, Philippines: Lampara Books.

Harvard

Evasco E. Y., . (2003). Si Isem sa bayang bawal tumawa. Manila, Philippines: Lampara Books.

MLA

Evasco Eugene Y, . Si Isem sa bayang bawal tumawa. Manila, Philippines: Lampara Books. 2003.

  • Place hold
  • Print
  • Cite
  • Add to your cart (remove)
  • Save record
    BIBTEX Dublin Core MARCXML MARC (non-Unicode/MARC-8) MARC (Unicode/UTF-8) MARC (Unicode/UTF-8, Standard) MODS (XML) RIS
  • More searches
    Search for this title in:
    Other Libraries (WorldCat) Other Databases (Google Scholar) Online Stores (Bookfinder.com) Open Library (openlibrary.org)

Exporting to Dublin Core...

SOUTHVILLE LIBRARY

Southville International School and Colleges Library

1281 Tropical Ave. Cor. Luxembourg St., BF Homes International, Las Pinas City

Tel. No. 8256374 / 252358 Loc. 117/146

Powered by Koha